00683nam a22002057a 450000500170000001000130001702000100003003500130004003700160005304000120006908200170008110000160009824501220011424601050023626000310034127000500037230000210042265000190044365000150046220170124110038.0 aA-542878 c00.00 aA-542878 bCen Lib/Ret aDPLbEN a338.954bCHA aChandran E. a8th five year plan :cby E. Chandran bplanning process & a critical evaluation of the eight five year paln 1992-97 / aeight five year planbplanning process & a critical evaluation of the eight five year paln 1992-97 / aNew DelhibCosmos Bookhive aCB-349, Ring road Naraina bNew Delhie110028 a179p. c19cm(Hb) aFive year plan aEconomics